Toutes les nationalités passées par l'Olympique de Marseille - Statistiques

Statistiques générales
  • Ce quiz a été pris 496 fois
    145 depuis la dernière actualisation
  • Le résultat moyen est 52 sur 72
Statistiques - réponses
Nombre de joueurs Réponses % Correct
923 France
99%
25 Argentine
98%
23 Espagne
98%
20 Italie
97%
15 Algérie
96%
29 Brésil
96%
9 Maroc
95%
9 Portugal
95%
31 Angleterre
94%
11 Allemagne
92%
3 Japon
92%
23 Sénégal
92%
15 Belgique
91%
2 Russie
91%
2 Etats-Unis
90%
10 Tunisie
90%
7 Pays-Bas
88%
25 Suisse
87%
7 Suède
86%
3 Canada
84%
13 Côte d'Ivoire
84%
1 Egypte
83%
2 Turquie
83%
4 Danemark
82%
2 Irlande
82%
4 Pologne
82%
4 Grèce
81%
19 Cameroun
80%
2 Chili
80%
1 Norvège
80%
1 Colombie
79%
5 Croatie
79%
3 RD Congo
79%
2 Ukraine
79%
2 Uruguay
79%
4 République du Congo
78%
5 Serbie
77%
8 Autriche
75%
1 Slovaquie
75%
1 Afrique du Sud
72%
2 Gabon
72%
11 Hongrie
72%
1 Albanie
71%
4 Ecosse
71%
7 Mali
71%
1 Slovénie
71%
4 République Tchèque
70%
4 Nigéria
68%
1 Pérou
67%
4 Bosnie-Herzégovine
66%
5 Ghana
63%
1 Bulgarie
61%
1 Luxembourg
60%
2 Madagascar
57%
1 Nouvelle-Zélande
57%
1 Panama
56%
3 Togo
56%
1 République Centrafricaine
52%
4 Guinée
51%
3 Burkina Faso
50%
1 Monténégro
50%
6 Comores
47%
1 Libéria
47%
1 Lituanie
46%
1 Monaco
45%
3 Arménie
44%
16 Yougoslavie
41%
2 URSS
37%
1 Zambie
35%
2 Cap-Vert
34%
1 Tchécoslovaquie
31%
1 Erythrée
19%
Aucun quiz correspondant
Distribution des résultats
% des personnes avec chaque résultat
Percentile par nombre de réponses
Votre historique - résultats
Vous n’avez pas pris ce quiz depuis la dernière actualisation